Влияние деформационного упрочения при выглаживании на кратковременную ползучесть; Физика и химия обработки материалов; № 5

Bibliografiske detaljer
Parent link:Физика и химия обработки материалов/ Академия наук СССР (АН СССР) ; Отделение физико-химии и технологии неорганических материалов.— , 1968-.— 0015-3214
№ 5.— 1975.— с. 92-95
Hovedforfatter: Хворостухин Л. А.
Andre forfattere: Ильин Н. Н., Ромашко И. Д.
Sprog:russisk
Udgivet: 1975
Fag:
Format: MixedMaterials Book Chapter
KOHA link:https://koha.lib.tpu.ru/cgi-bin/koha/opac-detail.pl?biblionumber=433330

MARC

LEADER 00000naa2a2200000 4500
001 433330
005 20231101075718.0
035 |a (RuTPU)RU\TPU\prd\94169 
035 |a RU\TPU\tpu\11707 
090 |a 433330 
100 |a 20101227a1975 k y0rusy50 ca 
101 0 |a rus 
102 |a RU 
200 1 |a Влияние деформационного упрочения при выглаживании на кратковременную ползучесть  |f Л. А. Хворостухин, Н. Н. Ильин, И. Д. Ромашко 
461 1 |0 (RuTPU)RU\TPU\prd\404  |x 0015-3214  |t Физика и химия обработки материалов  |f Академия наук СССР (АН СССР) ; Отделение физико-химии и технологии неорганических материалов  |d 1968- 
463 1 |0 (RuTPU)RU\TPU\prd\94168  |t № 5  |v с. 92-95  |d 1975 
610 1 |a деформационное упрочение 
610 1 |a выглаживание 
610 1 |a кратковременная ползучесть 
610 1 |a труды учёных ТПУ 
700 1 |a Хворостухин  |b Л. А. 
701 1 |a Ильин  |b Н. Н. 
701 1 |a Ромашко  |b И. Д. 
801 1 |a RU  |b 63413507  |c 20040302  |g PSBO 
801 2 |a RU  |b 63413507  |c 20101227  |g RCR 
942 |c BK